[Event "TCh-FRA Top 12 2012"]
[Site "Belfort FRA"]
[Date "2012.06.03"]
[Round "4.5"]
[White "Hamdouchi, Hicham"]
[Black "Colovic, Aleksandar"]
[Result "1/2-1/2"]
[WhiteTitle "GM"]
[BlackTitle "IM"]
[WhiteElo "2627"]
[BlackElo "2433"]
[WhiteTeam "CLICHY Echecs 92"]
[BlackTeam "GRASSE Echecs"]
[WhiteFideId "9000011"]
[BlackFideId "15000729"]
[EventDate "2012.05.31"]

1. e4 c5 2. Nf3 d6 3. d4 cxd4 4. Nxd4 Nf6 5. Nc3 e6 6. g4 h6 7. h3 a6 8. Bg2 g5
9. Nde2 Nc6 10. f4 gxf4 11. Bxf4 Ne5 12. Qd4 Nfd7 13. Qf2 Be7 14. O-O-O b5 15.
Ng3 Qb6 16. Qxb6 Nxb6 17. Nh5 Nbd7 18. Kb1 Bb7 19. Ng7+ Kd8 20. a4 Bc6 21. Rd4
Nc4 22. Nh5 e5 23. Rxc4 bxc4 24. Be3 Bg5 25. Bf2 Bd2 26. Ng3 Bxc3 27. bxc3 Rb8+
28. Kc1 Kc7 29. Be3 f6 30. Rd1 Nc5 31. Rf1 Nxa4 32. Rxf6 Nxc3 33. Rf7+ Bd7 34.
Nf5 Ne2+ 35. Kd2 Nf4 36. Bxf4 exf4 37. Nd4 Rbe8 38. Kc3 Kd8 39. Bf3 Rhf8 40. Rh7
Rh8 41. Rf7 Ref8 42. Rg7 Rhg8 43. Rh7 Rh8 44. Rg7 Rhg8 45. Rh7 Rf6 46. Kxc4 Re8
47. Kb4 Re7 48. Rh8+ Re8 49. Rh7 Re5 50. c4 a5+ 51. Kc3 Re7 52. Rh8+ Re8 53. Rh7
Re7 54. Rh8+ Re8 1/2-1/2

[Event "TCh-FRA Top 12 2012"]
[Site "Belfort FRA"]
[Date "2012.06.03"]
[Round "4.8"]
[White "Forestier, Carole"]
[Black "Skripchenko, Almira"]
[Result "0-1"]
[BlackTitle "IM"]
[WhiteElo "2096"]
[BlackElo "2440"]
[WhiteTeam "GRASSE Echecs"]
[BlackTeam "CLICHY Echecs 92"]
[WhiteFideId "641405"]
[BlackFideId "13900145"]
[EventDate "2012.05.31"]

1. d4 e6 2. Nf3 c5 3. c3 Nf6 4. Bf4 cxd4 5. cxd4 Qb6 6. Qc1 Nc6 7. e3 Nd5 8. Bg3
f5 9. Be2 Bb4+ 10. Nbd2 f4 11. exf4 Nxd4 12. Nxd4 Qxd4 13. a3 Ba5 14. b4 Bc7 15.
Nf3 Qf6 16. Ne5 O-O 17. Bf3 Bb6 18. Bxd5 exd5 19. O-O d6 20. Nd3 Bf5 21. Qd2 h5
22. h3 Qg6 23. Nc5 dxc5 24. bxc5 Bd8 25. Qxd5+ Rf7 26. Rae1 Bf6 27. Re3 Rd8 28.
Qc4 Bd3 0-1

[Event "TCh-FRA Top 12 2012"]
[Site "Belfort FRA"]
[Date "2012.06.03"]
[Round "4.1"]
[White "Istratescu, Andrei"]
[Black "Le Roux, Jean-Pierre"]
[Result "1/2-1/2"]
[WhiteTitle "GM"]
[BlackTitle "GM"]
[WhiteElo "2636"]
[BlackElo "2551"]
[WhiteTeam "MARSEILLE Echecs"]
[BlackTeam "Echiquier Guingampais"]
[WhiteFideId "1200372"]
[BlackFideId "609404"]
[EventDate "2012.05.31"]

1. e4 e5 2. Nf3 Nc6 3. Bb5 Nge7 4. Nc3 d6 5. d4 a6 6. Bc4 Nxd4 7. Nxd4 exd4 8.
Qxd4 Nc6 9. Qe3 Be6 10. Nd5 Be7 11. Bd2 O-O 12. O-O Ne5 13. Bb3 Bxd5 14. Bxd5 c6
15. Bb3 Bf6 16. Rad1 a5 17. a4 Nd7 18. c3 Re8 19. Bc2 Nc5 20. Qf3 Qb6 21. b4
axb4 22. a5 Qb5 23. cxb4 Ne6 24. Qh3 Ng5 25. Bxg5 Qxg5 26. Rxd6 Qe5 27. Rd7 Re7
28. Rfd1 g6 29. Qb3 Rae8 30. g3 Qc3 31. R7d3 Qe5 32. Re3 Qc7 33. f4 c5 34. e5
cxb4 35. Rd5 Bg7 36. Qd3 Rc8 37. Re2 Bf8 38. Rd2 Qc3 39. Bb3 Qa1+ 40. Rd1 Qb2
41. Rb1 Qc3 42. Kg2 Qxd3 43. Rxd3 Rc5 44. Rd5 Rec7 45. Kf3 Rxd5 46. Bxd5 Rc5 47.
Bxb7 Rxa5 48. Ke4 Ra2 49. Bd5 Re2+ 50. Kd3 Rxh2 51. Rc1 Be7 52. Rc7 Kf8 53. g4
Rh3+ 54. Ke4 Rg3 55. g5 Rc3 56. Rb7 Rc1 57. Rb8+ Kg7 58. Rb7 1/2-1/2

[Event "TCh-FRA Top 12 2012"]
[Site "Belfort FRA"]
[Date "2012.06.03"]
[Round "4.3"]
[White "Miton, Kamil"]
[Black "Bailet, Pierre"]
[Result "1-0"]
[WhiteTitle "GM"]
[BlackTitle "IM"]
[WhiteElo "2622"]
[BlackElo "2425"]
[WhiteTeam "MARSEILLE Echecs"]
[BlackTeam "Echiquier Guingampais"]
[WhiteFideId "1111914"]
[BlackFideId "655830"]
[EventDate "2012.05.31"]

1. d4 d5 2. c4 c6 3. Nc3 Nf6 4. e3 g6 5. Nf3 Bg7 6. Bd3 O-O 7. h3 a6 8. O-O b5
9. cxd5 cxd5 10. Ne5 Bb7 11. Ne2 Nbd7 12. Nxd7 Nxd7 13. Bd2 e5 14. a4 e4 15. Bc2
Qb6 16. Bb4 Rfc8 17. axb5 Qxb5 18. Bc3 Nb6 19. Nc1 Nc4 20. Nb3 Bf8 21. Nc5 Bxc5
22. dxc5 Qxc5 23. Qg4 Qe7 24. Qf4 Nd6 25. Bb3 Nf5 26. Rfd1 Rd8 27. Ba5 Re8 28.
Bxd5 Bxd5 29. Rxd5 Qb7 30. Rd2 Qb8 31. Bc7 Qb4 32. Ba5 Qb8 33. Qg4 h5 34. Qg5
Qe5 35. Bc3 Qe7 36. Bf6 Qe6 37. Ra5 Rab8 38. Re5 Qxe5 39. Bxe5 Rxe5 40. Rd7 Rf8
41. Qf6 Re6 42. Qc3 h4 43. Qc7 Kg7 44. Qb7 Kg8 45. Rc7 Rd6 46. Qxe4 Rd1+ 47. Kh2
Rf1 48. Qc2 Kg7 49. e4 Nh6 50. Qc3+ Kh7 51. Qf6 1-0

[Event "TCh-FRA Top 12 2012"]
[Site "Belfort FRA"]
[Date "2012.06.03"]
[Round "4.5"]
[White "Delchev, Aleksander"]
[Black "De Sousa, Jose-Claude"]
[Result "1-0"]
[WhiteTitle "GM"]
[BlackTitle "FM"]
[WhiteElo "2622"]
[BlackElo "2262"]
[WhiteTeam "MARSEILLE Echecs"]
[BlackTeam "Echiquier Guingampais"]
[WhiteFideId "2900394"]
[BlackFideId "603880"]
[EventDate "2012.05.31"]

1. c4 Nf6 2. Nf3 c5 3. g3 b6 4. Bg2 Bb7 5. O-O e6 6. Nc3 Be7 7. d4 cxd4 8. Qxd4
d6 9. Bg5 Nbd7 10. Nb5 h6 11. Bxf6 Nxf6 12. Rad1 d5 13. cxd5 Bxd5 14. e4 Nxe4
15. Ne5 Nf6 16. Nc6 Qd7 17. Bxd5 Nxd5 18. Nxe7 Kxe7 19. Nc3 f6 20. Qg4 Kd8 21.
Qf3 Kc7 22. Nxd5+ exd5 23. Rxd5 Qc6 24. Qf4+ Kb7 25. Rd6 Qb5 26. a4 Qe8 27. Rfd1
Qe2 28. R6d2 1-0

[Event "TCh-FRA Top 12 2012"]
[Site "Belfort FRA"]
[Date "2012.06.03"]
[Round "4.6"]
[White "Migot, Tangi"]
[Black "Bacrot, Etienne"]
[Result "0-1"]
[BlackTitle "GM"]
[WhiteElo "2257"]
[BlackElo "2695"]
[WhiteTeam "Echiquier Guingampais"]
[BlackTeam "MARSEILLE Echecs"]
[WhiteFideId "662445"]
[BlackFideId "605506"]
[EventDate "2012.05.31"]

1. c4 e5 2. g3 c6 3. d4 e4 4. Bg2 d5 5. Nc3 Nf6 6. Bg5 Nbd7 7. cxd5 cxd5 8. Qb3
h6 9. Bxf6 Nxf6 10. Nh3 g5 11. f3 exf3 12. exf3 Bg7 13. O-O O-O 14. Rad1 a5 15.
f4 a4 16. Nxa4 Bg4 17. fxg5 Bxd1 18. Rxd1 hxg5 19. Nc3 Qe7 20. Nxd5 Nxd5 21.
Bxd5 Rad8 22. a4 Rd7 23. Rf1 Bxd4+ 24. Kh1 Qe5 25. Bg2 Rfd8 26. Qc2 Be3 27. Ng1
Bxg1 28. Kxg1 Rd2 29. Qc4 Qe3+ 30. Kh1 Rf2 31. Qg4 Rxf1+ 32. Bxf1 Rd2 33. Qc8+
Kg7 34. Qxb7 Qf2 35. Qg2 Qxg2+ 0-1

[Event "TCh-FRA Top 12 2012"]
[Site "Belfort FRA"]
[Date "2012.06.03"]
[Round "4.7"]
[White "Marzolo, Cyril"]
[Black "Bodenez, Vincent"]
[Result "1-0"]
[WhiteTitle "IM"]
[WhiteElo "2450"]
[BlackElo "2213"]
[WhiteTeam "MARSEILLE Echecs"]
[BlackTeam "Echiquier Guingampais"]
[WhiteFideId "608653"]
[BlackFideId "624462"]
[EventDate "2012.05.31"]

1. d4 f5 2. e4 fxe4 3. Nc3 Nf6 4. Bg5 Nc6 5. d5 Ne5 6. Qe2 Nf7 7. h4 c6 8. O-O-O
Qa5 9. Bxf6 gxf6 10. Qxe4 Nd6 11. Qf3 c5 12. Kb1 b5 13. Ne4 Nxe4 14. Qxe4 d6 15.
Ne2 f5 16. Qf3 Bg7 17. Nf4 c4 18. Qe3 Rf8 19. Rh3 Bd7 20. Be2 Be5 21. Ne6 Bxe6
22. dxe6 Rb8 23. Qxe5 1-0

[Event "TCh-FRA Top 12 2012"]
[Site "Belfort FRA"]
[Date "2012.06.03"]
[Round "4.8"]
[White "Le Diouron, Aurelie"]
[Black "Delorme, Laurie"]
[Result "0-1"]
[BlackTitle "WIM"]
[WhiteElo "1954"]
[BlackElo "2236"]
[WhiteTeam "Echiquier Guingampais"]
[BlackTeam "MARSEILLE Echecs"]
[WhiteFideId "637432"]
[BlackFideId "630829"]
[EventDate "2012.05.31"]

1. d4 d5 2. Nf3 Nf6 3. e3 c6 4. b3 Bg4 5. h3 Bxf3 6. Qxf3 Nbd7 7. Bb2 Ne4 8. Bd3
Qa5+ 9. c3 Ndf6 10. O-O e6 11. Qe2 Bd6 12. c4 O-O 13. a3 Bb8 14. Qe1 Qb6 15. b4
dxc4 16. Bxc4 a5 17. Nc3 Nd6 18. Bd3 axb4 19. axb4 Rxa1 20. Qxa1 Nd5 21. Rb1 Qc7
22. Nxd5 exd5 23. g3 f5 24. b5 Ne4 25. b6 Qd7 26. Ba3 Re8 27. Kg2 Qe6 28. Re1
Qg6 29. Bxe4 Rxe4 30. Qd1 h5 31. Qf3 h4 32. Rg1 Qg5 33. Bc1 Bd6 34. Kh1 hxg3 35.
fxg3 g6 36. Bd2 c5 37. g4 fxg4 38. Rxg4 Rxg4 39. Qxg4 Qxg4 40. hxg4 c4 41. Kg2
Ba3 42. Bc3 Kf7 43. Kf3 Ke6 44. e4 Kd6 45. e5+ Kc6 46. Bd2 Bb2 0-1

[Event "TCh-FRA Top 12 2012"]
[Site "Belfort FRA"]
[Date "2012.06.04"]
[Round "5.1"]
[White "Llanes Hurtado, Miguel"]
[Black "Delchev, Aleksander"]
[Result "1/2-1/2"]
[WhiteTitle "GM"]
[BlackTitle "GM"]
[WhiteElo "2480"]
[BlackElo "2622"]
[WhiteTeam "GRASSE Echecs"]
[BlackTeam "MARSEILLE Echecs"]
[WhiteFideId "2206706"]
[BlackFideId "2900394"]
[EventDate "2012.05.31"]

1. d4 e6 2. Nf3 c5 3. g3 Nc6 4. Bg2 Qb6 5. e3 d5 6. O-O Nf6 7. Nc3 cxd4 8. exd4
Be7 9. Ne2 O-O 10. Nf4 Bd7 11. c3 Ne4 12. c4 Nf6 1/2-1/2

[Event "TCh-FRA Top 12 2012"]
[Site "Belfort FRA"]
[Date "2012.06.04"]
[Round "5.2"]
[White "Bacrot, Etienne"]
[Black "Nanu, Costica-Ciprian"]
[Result "1-0"]
[WhiteTitle "GM"]
[BlackTitle "GM"]
[WhiteElo "2695"]
[BlackElo "2520"]
[WhiteTeam "MARSEILLE Echecs"]
[BlackTeam "GRASSE Echecs"]
[WhiteFideId "605506"]
[BlackFideId "1204580"]
[EventDate "2012.05.31"]

1. d4 d5 2. c4 c6 3. Nf3 Nf6 4. Nc3 a6 5. e3 g6 6. Be2 Bg7 7. O-O O-O 8. Qb3
dxc4 9. Bxc4 b5 10. Be2 Bf5 11. Ng5 Bg4 12. Bxg4 Nxg4 13. Nce4 Nf6 14. Nxf6+
exf6 15. Nf3 Nd7 16. Bd2 c5 17. a4 bxa4 18. Rxa4 Qb8 19. Qa2 cxd4 20. exd4 Qb5
21. Ra5 Qd3 22. Ra1 Rfb8 23. Bc3 Rb6 24. Nd2 Bh6 25. Qd5 Rd8 26. Ne4 Bf8 27. Nc5
Bxc5 28. Rxc5 Rb5 29. Rxb5 Qxb5 30. Qd6 Ra8 31. d5 Kg7 32. h3 Ra7 33. Bd4 Ra8
34. Re1 Qa4 35. Bc3 Rc8 36. Re7 Rxc3 37. bxc3 Ne5 38. Qc5 Qd1+ 39. Kh2 Qe1 1-0

[Event "TCh-FRA Top 12 2012"]
[Site "Belfort FRA"]
[Date "2012.06.04"]
[Round "5.3"]
[White "Fargere, Francois"]
[Black "Miton, Kamil"]
[Result "0-1"]
[WhiteTitle "GM"]
[BlackTitle "GM"]
[WhiteElo "2467"]
[BlackElo "2622"]
[WhiteTeam "GRASSE Echecs"]
[BlackTeam "MARSEILLE Echecs"]
[WhiteFideId "615935"]
[BlackFideId "1111914"]
[EventDate "2012.05.31"]

1. e4 c5 2. Nf3 Nc6 3. Bb5 e6 4. O-O Nge7 5. Re1 Nd4 6. Nxd4 cxd4 7. c3 a6 8.
Ba4 b5 9. Bb3 Nc6 10. d3 Be7 11. Nd2 O-O 12. Nf3 dxc3 13. bxc3 d5 14. a4 b4 15.
Bb2 dxe4 16. dxe4 Bb7 17. Nd4 Bf6 18. Nxc6 Bxc6 19. e5 Qxd1 20. Raxd1 Be7 21.
Rc1 bxc3 22. Bxc3 Rfb8 23. Ba5 Be8 24. Bc2 Bb4 25. Bxb4 Rxb4 26. a5 Rb5 27. Ra1
Rd8 28. Bd1 Rc5 29. Bf3 g5 30. Bb7 Bb5 31. Rac1 Rxc1 32. Rxc1 Rd2 33. h4 gxh4
34. Rc8+ Kg7 35. Ra8 Ra2 36. Bxa6 Rxa5 37. Bb7 Rxa8 38. Bxa8 Bd3 39. Bc6 Kh6 40.
f4 Kh5 41. Bf3+ Kg6 42. Bg4 Bf5 43. Bf3 Bc2 44. Bg4 h5 45. Bf3 Kf5 46. Bxh5 Kxf4
47. Bxf7 Bf5 48. Kf2 Bg4 49. Be8 Kxe5 50. Ke3 Kf5 51. Ba4 Kg5 52. Bb3 Bf5 53.
Bd1 Bb1 54. Bb3 e5 55. Bd1 Bf5 56. Bf3 Bg6 57. Be2 Be8 58. Bf3 Bb5 59. Bd5 Kg4
60. Kf2 Kf4 61. Bb7 Bd3 62. Bc6 e4 63. Bb7 e3+ 64. Kg1 Kg3 0-1

[Event "TCh-FRA Top 12 2012"]
[Site "Belfort FRA"]
[Date "2012.06.04"]
[Round "5.4"]
[White "Naiditsch, Arkadij"]
[Black "Apicella, Manuel"]
[Result "1/2-1/2"]
[WhiteTitle "GM"]
[BlackTitle "GM"]
[WhiteElo "2698"]
[BlackElo "2548"]
[WhiteTeam "MARSEILLE Echecs"]
[BlackTeam "GRASSE Echecs"]
[WhiteFideId "4650891"]
[BlackFideId "600164"]
[EventDate "2012.05.31"]

1. e4 e6 2. d4 d5 3. Nc3 Bb4 4. e5 Ne7 5. a3 Bxc3+ 6. bxc3 c5 7. Qg4 O-O 8. Bd3
f5 9. exf6 Rxf6 10. Bg5 Rf7 11. Qh5 g6 12. Qd1 Nbc6 13. Nf3 Qf8 14. O-O c4 15.
Be2 h6 16. Bc1 Bd7 17. Ne1 Nf5 18. g3 Nd6 19. Ng2 b5 20. f4 a5 21. Bf3 Qg7 22.
Be3 Ne7 23. g4 Raf8 24. Qe1 g5 25. Qg3 Ne4 26. Bxe4 dxe4 27. d5 gxf4 28. Nxf4
Nxd5 29. Nxd5 exd5 30. g5 hxg5 31. Rxf7 1/2-1/2

[Event "TCh-FRA Top 12 2012"]
[Site "Belfort FRA"]
[Date "2012.06.04"]
[Round "5.5"]
[White "Sanchez, Joseph"]
[Black "Istratescu, Andrei"]
[Result "1/2-1/2"]
[WhiteTitle "GM"]
[BlackTitle "GM"]
[WhiteElo "2531"]
[BlackElo "2636"]
[WhiteTeam "GRASSE Echecs"]
[BlackTeam "MARSEILLE Echecs"]
[WhiteFideId "5201233"]
[BlackFideId "1200372"]
[EventDate "2012.05.31"]

1. e4 c5 2. Nf3 e6 3. d4 cxd4 4. Nxd4 a6 5. Bd3 Bc5 6. c3 Nc6 7. Nc2 Nf6 8. O-O
Ne5 9. Be3 Qc7 10. Bxc5 Qxc5 11. Ne3 h5 12. Re1 g5 13. Bc2 b6 14. Qd4 d6 15. Nd2
Ke7 16. Rad1 Rd8 17. Ndc4 Nxc4 18. Nxc4 e5 19. Qxc5 bxc5 20. Na5 Bd7 21. Rd2
Rab8 22. Bd3 Rdc8 23. f3 Bb5 24. Bc4 Rb6 25. Red1 h4 26. Rf1 Nd7 27. Rfd1 Nf6
28. Rf1 Rg8 29. h3 Nh5 30. Rfd1 Nf4 31. Kf2 Rc8 32. b3 Rd8 33. Bd5 f6 34. Ke3
Bd7 35. Nc4 Rbb8 36. Kf2 Bb5 37. Ne3 Bd7 38. Bc4 Rb6 39. Bf1 Be6 40. Bc4 Bc8 41.
Bd5 a5 42. Bc4 Bd7 43. Kg1 Ra8 44. Bd5 Rab8 45. Kh2 a4 46. bxa4 Bxa4 47. Bb3
Bxb3 48. axb3 Rd8 49. Ra2 Ke6 50. Ra3 Rd7 51. Nc4 Rc6 52. Ra8 d5 53. Re8+ Kf7
54. Rxe5 Rcc7 55. Rexd5 Nxd5 56. Rxd5 Rxd5 57. exd5 Rd7 58. Nb6 Rd6 59. Na4 Rxd5
60. c4 Re5 61. Kg1 Ke6 62. Kf2 Kd6 63. Nc3 f5 64. Nd5 Re8 65. b4 cxb4 66. Nxb4
Kc5 67. Nd5 Ra8 68. Ne7 f4 69. Nd5 Ra2+ 70. Kf1 Kxc4 71. Nf6 Kd3 72. Ng4 Kd2 73.
Kf2 Ra6 74. Kf1 Ra1+ 75. Kf2 Kd3 76. Ne5+ Kd4 77. Ng4 Ra2+ 78. Kf1 Rb2 79. Nf6
Kd3 80. Ng4 1/2-1/2

[Event "TCh-FRA Top 12 2012"]
[Site "Belfort FRA"]
[Date "2012.06.04"]
[Round "5.6"]
[White "Maze, Sebastien"]
[Black "Colovic, Aleksandar"]
[Result "1/2-1/2"]
[WhiteTitle "GM"]
[BlackTitle "IM"]
[WhiteElo "2594"]
[BlackElo "2433"]
[WhiteTeam "MARSEILLE Echecs"]
[BlackTeam "GRASSE Echecs"]
[WhiteFideId "613762"]
[BlackFideId "15000729"]
[EventDate "2012.05.31"]

1. e4 c5 2. Nf3 d6 3. c3 Nf6 4. h3 g6 5. Bd3 Bg7 6. Bc2 e5 7. O-O O-O 8. d3 Nc6
9. Re1 Re8 10. a4 Rb8 11. Nbd2 a6 12. Nf1 h6 13. Be3 b5 14. Qd2 Kh7 15. Ng3 b4
16. Nh2 bxc3 17. bxc3 Qa5 18. Bd1 Qb6 19. Ng4 Nxg4 20. hxg4 Bd7 21. f3 Na5 22.
Bc2 Nb3 23. Bxb3 Qxb3 24. Re2 Bxa4 25. Kf2 Rh8 26. c4 Bc6 27. Rxa6 Qb7 28. Ra1
Qb4 29. Qc1 Qb3 30. Rd2 Rhf8 31. Qh1 Rh8 32. Qh4 Qc3 33. Rh1 f6 34. g5 fxg5 35.
Qxg5 Be8 36. Qe7 h5 37. Qxd6 Rb2 38. Rxb2 Qxb2+ 39. Ne2 Ba4 40. g4 Be8 41. gxh5
gxh5 42. Rg1 Rg8 43. Bh6 Bxh6 44. Rxg8 Qd2 45. f4 Kxg8 46. Qxh6 Qxd3 47. Qg5+
Kf8 48. Qxe5 Qxc4 49. f5 Bb5 50. Ng3 Qd4+ 51. Qxd4 cxd4 52. Nxh5 Ke7 53. Kf3 Be8
54. Ng7 Bc6 55. Nh5 d3 56. Ng3 d2 57. Ke2 Kf6 58. Kxd2 Bxe4 59. Nxe4+ Ke7 60.
Ke3 1/2-1/2

[Event "TCh-FRA Top 12 2012"]
[Site "Belfort FRA"]
[Date "2012.06.04"]
[Round "5.8"]
[White "Delorme, Laurie"]
[Black "Forestier, Carole"]
[Result "1-0"]
[WhiteTitle "WIM"]
[WhiteElo "2236"]
[BlackElo "2096"]
[WhiteTeam "MARSEILLE Echecs"]
[BlackTeam "GRASSE Echecs"]
[WhiteFideId "630829"]
[BlackFideId "641405"]
[EventDate "2012.05.31"]

1. d4 d5 2. c4 e6 3. Nc3 Nf6 4. Nf3 c6 5. Bg5 Nbd7 6. cxd5 exd5 7. e3 Be7 8. Bd3
O-O 9. Qc2 Re8 10. O-O Nf8 11. Rae1 Ne4 12. Bxe7 Qxe7 13. Bxe4 dxe4 14. Nd2 f5
15. f3 exf3 16. Nxf3 Be6 17. e4 fxe4 18. Nxe4 Qb4 19. a3 Qb6 20. Nd6 Red8 21.
Nc4 Qb5 22. b3 Qf5 23. Qd2 Qb5 24. Qc3 Qh5 25. Re5 Qg6 26. Ng5 Bd5 27. Ne3 h6
28. Nf3 Bf7 29. Nh4 Qh7 30. Rxf7 Kxf7 31. Qc4+ Rd5 32. Nxd5 Qb1+ 33. Kf2 cxd5
34. Qxd5+ Kf6 35. Qf3+ 1-0

[Event "TCh-FRA Top 12 2012"]
[Site "Belfort FRA"]
[Date "2012.06.04"]
[Round "5.4"]
[White "Vachier-Lagrave, Maxime"]
[Black "Lazarev, Vladimir"]
[Result "1-0"]
[WhiteTitle "GM"]
[BlackTitle "GM"]
[WhiteElo "2680"]
[BlackElo "2438"]
[WhiteTeam "CLICHY Echecs 92"]
[BlackTeam "METZ Fischer"]
[WhiteFideId "623539"]
[BlackFideId "4113250"]
[EventDate "2012.05.31"]

1. e4 c5 2. Nf3 Nc6 3. d4 cxd4 4. Nxd4 Qc7 5. Nc3 e6 6. f4 a6 7. Nxc6 bxc6 8.
Bd3 d5 9. O-O Nf6 10. Kh1 Be7 11. b3 Bb7 12. Bb2 c5 13. exd5 exd5 14. Qe2 O-O
15. Rae1 Rfe8 16. Nb5 Qd7 17. Nc7 Qxc7 18. Bxf6 Bf8 19. Be5 Qc6 20. Qg4 Rad8 21.
c4 d4 22. f5 f6 23. Be4 Qxe4 24. Rxe4 Bxe4 25. Bxf6 Rd7 26. Bh4 Rf7 27. h3 Re5
28. f6 Bg6 29. b4 d3 30. bxc5 Re4 31. Rf4 Rxf4 32. Qxf4 Bxc5 33. Qb8+ Bf8 34.
Qd8 h5 35. c5 Kh7 36. c6 Bf5 37. Qd5 Bg6 38. Qd8 Bf5 39. Bg5 gxf6 40. Bd2 Bg7
41. c7 Rf8 42. g4 hxg4 43. hxg4 Bxg4 44. Qxd3+ Kh8 45. Qxa6 Bc8 46. Qc6 Kh7 47.
a4 f5 48. Bf4 Rf6 49. Qe8 Rf8 50. Qd8 Kg6 51. Qd5 Re8 52. Kg2 Re4 53. a5 1-0

[Event "TCh-FRA Top 12 2012"]
[Site "Belfort FRA"]
[Date "2012.06.04"]
[Round "5.5"]
[White "Taddei, Benoit"]
[Black "Hamdouchi, Hicham"]
[Result "1/2-1/2"]
[WhiteTitle "FM"]
[BlackTitle "GM"]
[WhiteElo "2320"]
[BlackElo "2627"]
[WhiteTeam "METZ Fischer"]
[BlackTeam "CLICHY Echecs 92"]
[WhiteFideId "610151"]
[BlackFideId "9000011"]
[EventDate "2012.05.31"]

1. e4 c5 2. Nf3 Nc6 3. Bb5 e6 4. Bxc6 bxc6 5. d3 Ne7 6. Bd2 Ng6 7. h4 h5 8. e5
Be7 9. Bc3 f6 10. Nbd2 Kf7 11. Qe2 d5 12. exd6 Qxd6 13. Nc4 Qd5 14. Ne3 Qd8 15.
g3 e5 16. Nd2 Bd6 17. Nec4 Bc7 18. Qe3 Ne7 19. Ne4 Bg4 20. Qxc5 Qd5 21. Bb4 Nf5
22. Ncd6+ Nxd6 23. Nxd6+ Kg6 24. Qxd5 cxd5 25. Nb5 Bb6 26. Nc3 Rhc8 27. Rc1 Bf3
28. O-O Rab8 29. Na4 Bxf2+ 30. Rxf2 Rxb4 31. b3 e4 32. c3 Bg4 33. Re1 Rxa4 34.
bxa4 exd3 35. Rd2 Rxc3 36. Kf2 Be2 37. Ke3 Rc4 38. a5 Ra4 39. Rc1 d4+ 40. Ke4
Rxa5 41. Rc7 a6 42. Rd7 Re5+ 43. Kxd4 Rf5 44. Ra7 Rf3 45. Rxa6 Rxg3 46. a4 Rg4+
47. Ke3 Rxh4 48. Ra7 Rh1 49. Rb2 Kh6 50. Ra8 Ra1 51. Rh8+ Kg5 52. Rb4 f5 53. Rg8
g6 54. Rb6 f4+ 55. Kd2 Ra2+ 56. Ke1 Bf3 57. Rbxg6+ Kh4 58. Rd6 Re2+ 59. Kf1 d2
60. Rf8 Re1+ 61. Kf2 d1=Q 62. Rxd1 Rxd1 63. Kxf3 Rd3+ 64. Ke4 Ra3 65. Kxf4 Rxa4+
66. Kf3 Kh3 67. Kf2 Kh2 68. Rf7 h4 69. Rf8 h3 70. Rf7 Rg4 71. Rf8 Rg2+ 72. Kf1
Kh1 73. Rf7 1/2-1/2

[Event "TCh-FRA Top 12 2012"]
[Site "Belfort FRA"]
[Date "2012.06.04"]
[Round "5.6"]
[White "So, Wesley"]
[Black "Hisler, Thomas"]
[Result "1-0"]
[WhiteTitle "GM"]
[WhiteElo "2653"]
[BlackElo "2247"]
[WhiteTeam "CLICHY Echecs 92"]
[BlackTeam "METZ Fischer"]
[WhiteFideId "5202213"]
[BlackFideId "617997"]
[EventDate "2012.05.31"]

1. e4 e5 2. Nf3 Nc6 3. Bb5 Nf6 4. O-O Bc5 5. Nxe5 Nxe4 6. Qe2 Nxe5 7. Qxe4 Qe7
8. d4 Nc6 9. Qg4 h5 10. Qxg7 Bxd4 11. Qg3 d5 12. Qd3 Qc5 13. b4 Qb6 14. c3 Bf6
15. Be3 d4 16. cxd4 O-O 17. Nc3 Nxb4 18. Qc4 Qa5 19. a3 Nc6 20. Nd5 Bg7 21. Bxc6
bxc6 22. Qxc6 Ba6 23. Rfc1 Rad8 24. Rc5 1-0

[Event "TCh-FRA Top 12 2012"]
[Site "Belfort FRA"]
[Date "2012.06.04"]
[Round "5.8"]
[White "Skripchenko, Almira"]
[Black "Monpeurt, Cyrielle"]
[Result "1-0"]
[WhiteTitle "IM"]
[WhiteElo "2440"]
[BlackElo "2014"]
[WhiteTeam "CLICHY Echecs 92"]
[BlackTeam "METZ Fischer"]
[WhiteFideId "13900145"]
[BlackFideId "677400"]
[EventDate "2012.05.31"]

1. e4 e5 2. Nc3 Nf6 3. g3 Nc6 4. Bg2 Bc5 5. d3 d6 6. Na4 Bb6 7. Nxb6 axb6 8. Nf3
O-O 9. O-O Bg4 10. h3 Be6 11. Re1 Qe7 12. d4 exd4 13. Nxd4 Nd7 14. Be3 Qf6 15.
b3 Qg6 16. Ne2 Nc5 17. Nf4 Qf6 18. Nd5 Qd8 19. g4 Ne7 20. Nxe7+ Qxe7 21. a4 Rfe8
22. Qd2 f6 23. Bd4 Bf7 24. Rad1 h5 25. f3 Nd7 26. f4 Nc5 27. Re2 hxg4 28. hxg4
Qd7 29. Bf3 Ne6 30. Be3 b5 31. a5 Nd8 32. Rh2 b4 33. Qxb4 Nc6 34. Qe1 Nxa5 35.
Qh4 Kf8 36. Bd4 Bg8 37. Rf2 Nc6 38. Bc3 Qf7 39. e5 f5 40. exd6 1-0

[Event "TCh-FRA Top 12 2012"]
[Site "Belfort FRA"]
[Date "2012.06.04"]
[Round "5.2"]
[White "Buhmann, Rainer"]
[Black "Salgado Lopez, Ivan"]
[Result "1/2-1/2"]
[WhiteTitle "GM"]
[BlackTitle "GM"]
[WhiteElo "2567"]
[BlackElo "2623"]
[WhiteTeam "BISCHWILLER"]
[BlackTeam "Echiquier Chalonnais"]
[WhiteFideId "4651340"]
[BlackFideId "2257327"]
[EventDate "2012.05.31"]

1. Nf3 g6 2. e4 d6 3. c4 Bg4 4. d4 Bxf3 5. Qxf3 Bg7 6. d5 Nd7 7. Be2 Ngf6 8. Nc3
O-O 9. O-O c6 10. Rb1 a6 11. b3 Rc8 12. dxc6 bxc6 13. b4 a5 14. a3 axb4 15. axb4
c5 16. b5 Nb6 17. Bg5 h6 18. Bd2 Ra8 19. Nd5 Nfxd5 20. exd5 Ra2 21. Rfd1 Qd7 22.
h4 Rfa8 23. h5 g5 24. Bd3 R8a4 25. Qe4 Kf8 26. Be1 R2a3 27. Bf1 f5 28. Qc2 Ra2
29. Qc1 Qe8 30. Bc3 Qxh5 31. Re1 Qf7 1/2-1/2

[Event "TCh-FRA Top 12 2012"]
[Site "Belfort FRA"]
[Date "2012.06.04"]
[Round "5.4"]
[White "Netzer, Jean"]
[Black "Edouard, Romain"]
[Result "1/2-1/2"]
[WhiteTitle "IM"]
[BlackTitle "GM"]
[WhiteElo "2396"]
[BlackElo "2625"]
[WhiteTeam "BISCHWILLER"]
[BlackTeam "Echiquier Chalonnais"]
[WhiteFideId "623350"]
[BlackFideId "633429"]
[EventDate "2012.05.31"]

1. Nf3 Nf6 2. c4 b6 3. Nc3 Bb7 4. d4 e6 5. a3 d5 6. Bg5 Be7 7. e3 Nbd7 8. cxd5
exd5 9. Rc1 O-O 10. Bd3 c5 11. O-O h6 12. Bh4 Ne4 13. Bxe7 Qxe7 14. dxc5 bxc5
15. Bb1 Ndf6 16. Nxe4 dxe4 17. Nd2 Ba6 18. Nc4 Rab8 19. Qa4 Bb5 20. Qa5 Rfd8 21.
b3 Rd5 22. Rfd1 Rg5 23. g3 Bxc4 24. Rxc4 Rxb3 25. Qa4 Rb2 26. Bxe4 Re5 27. Rb1
Rxb1+ 28. Bxb1 Rd5 29. Be4 Rd2 30. Bf3 Qe5 31. Rf4 g5 32. Qa5 Qa1+ 33. Kg2 Qe1
34. Qxd2 Qxd2 35. Rxf6 Kg7 36. Rc6 Qa5 37. a4 g4 38. Bd5 h5 39. e4 Qxa4 40. Rxc5
Qa3 41. Rc7 Qf3+ 42. Kg1 a6 43. Ra7 Qf6 44. Kg2 Kg6 45. Bb7 Kg7 46. Bd5 Kg8 47.
Ra8+ Kh7 48. Ra7 Kg7 49. Kg1 Kg6 50. Bc4 Qa1+ 51. Kg2 Qd4 52. Rxa6+ Kg7 53. Bf1
h4 54. Ra5 Qxe4+ 55. Kg1 f5 56. Rc5 Kf6 57. Rc4 Qb1 58. Rf4 Ke5 59. Rc4 Kd5 60.
Rf4 h3 61. Ra4 Qc2 62. Rb4 Qd2 63. Ra4 Kc5 64. Rc4+ Kd5 1/2-1/2